| 000 | 00950nam a22002777a 4500 | ||
|---|---|---|---|
| 005 | 20160520112559.0 | ||
| 010 | _aENG-115114 | ||
| 020 |
_a9789352601974 _c425.00 |
||
| 020 |
_a9352601971 _c425.00 |
||
| 035 | _aEN-98646 | ||
| 037 | _bDBAD/PUB | ||
| 082 | _a620.00420285536 | ||
| 100 | _aHoward, William E. | ||
| 245 |
_aIntroduction to solid modeling using solidworks 2015 / _cby William E. Howard [and] Joseph C. Musto |
||
| 246 | _a Introduction to solid modeling using SolidWorks® 2014 | ||
| 246 | _aSolid modeling using SolidWorks 2014 | ||
| 260 |
_aNew Delhi _bMcGraw Hill Education _c2016 |
||
| 270 |
_aP-24, Green Park Extension, _bNew Delhi _e110016 |
||
| 300 |
_axiii,384p. : _bill. _c26cm(pbk) |
||
| 500 | _aIncludes index | ||
| 650 | _a Computer graphics. | ||
| 650 | _aEngineering models. | ||
| 650 | _aComputer-aided design. | ||
| 700 | _aMusto, Joseph C. | ||
| 942 |
_2ddc _cEN _mHOW _h620.00420285536 |
||
| 999 |
_c100002 _d100002 |
||